Normal view
MARC view
Entry Topical Term
001 - CONTROL NUMBER
- control field: 304
003 - CONTROL NUMBER IDENTIFIER
- control field: OSt
005 - DATE AND TIME OF LATEST TRANSACTION
- control field: 20150624150516.0
008 - FIXED-LENGTH DATA ELEMENTS
- fixed length control field: 150624|| aca||aabn | a|a d
040 ## - CATALOGING SOURCE
- Original cataloging agency: OSt
- Transcribing agency: OSt
150 ## - HEADING--TOPICAL TERM
- Topical term or geographic name entry element: G.K,
670 ## - SOURCE DATA FOUND
- Source citation: Work cat.: (OSt): Vaishnav, Jagdeep 303, Cracking the CAT 2013, 2013









